000 00871nam a2200277 a 4500
001 52997
003 BD-RjUL
005 20211209075907.0
008 000301s2000 cou b 001 0 eng
020 _a8170369800
035 _a(BD-RjUL)53117
040 _aDLC
_cDLC
_dBD-RjUL
_beng
041 _aeng
082 0 0 _221
_a355.02170954
_bIND 2000
245 0 0 _aIndia's nuclear security /
_cedited by Raju G.C. Thomas and Amit Gupta.
260 _aBoulder :
_bL. Rienner Publishers,
_cc2000.
300 _av, 323 p. ;
_c25 cm.
504 _aIncludes bibliographical references and index.
650 0 _aNuclear weapons
_zIndia.
_9136193
650 0 _aNational security
_zIndia.
_9158413
651 0 _aIndia
_xMilitary policy.
_9158414
700 1 _aThomas, Raju G. C.
_9158415
700 1 _aGupta, Amit,
_d1958-
_9158416
942 _2ddc
_cBK
999 _c52997
_d52997